| 000 | 00669nam a22002057a 4500 | ||
|---|---|---|---|
| 003 | 0 | ||
| 005 | 20231204074327.0 | ||
| 008 | 231204b xxu||||| |||| 00| 0 eng d | ||
| 020 | _a978-621-427-103-0 | ||
| 050 |
_aG 155 _b.R63 2022 |
||
| 100 | _aRodolfa, Bernardo B., Jr. | ||
| 245 |
_aApplied business tools and technologies in tourism and hospitality _cBernardo B. Rodolfa, Jr. |
||
| 250 | _aFirst edition | ||
| 260 |
_aManila _bUnlimited Books Library Services & Publishing Inc. _cc2022. |
||
| 300 |
_ax, 120 pages ; _c26 cm. |
||
| 504 | _aIncludes bibliographical references. | ||
| 650 | _aHospitality industry. | ||
| 650 | _aTourism. | ||
| 942 |
_2lcc _cBK |
||
| 999 |
_c365692 _d365692 |
||